| 000 | 00545nam a2200181Ia 4500 | ||
|---|---|---|---|
| 999 |
_c15021 _d15021 |
||
| 003 | OSt | ||
| 005 | 20201117151140.0 | ||
| 008 | 190216s9999||||xx |||||||||||||| ||und|| | ||
| 040 | _coclc | ||
| 082 |
_a428.3076 _bMIT/D |
||
| 100 |
_aMittal, Dharmendra _96637 |
||
| 245 | 0 |
_a151 Drills to Test Your Word Power / _cDharmendra Mittal |
|
| 250 | _a1st Ed. | ||
| 260 |
_bArihant Publications (india ) Limited, _c2007. _aMeerut; |
||
| 300 | _a166p | ||
| 650 | _aEnglish | ||
| 942 |
_cBK _2ddc _h428.3076 _iMIT/D _k428.3076 _mMIT/D |
||